| 000 | 00625nam a2200217 4500 | ||
|---|---|---|---|
| 003 | OSt | ||
| 005 | 20240625075423.0 | ||
| 006 | a | ||
| 008 | 240625b |||||||| |||| 00| 0 eng d | ||
| 020 | _a9780538735490 | ||
| 040 |
_aDWCL-Main lib. _cOC |
||
| 082 |
_2Eighth edition _aCirc. 516.24 L334t 2011 |
||
| 100 | _aLarson, Ron | ||
| 245 | _aTrigonometry / | ||
| 250 | _aEighth edition | ||
| 260 |
_aSingapore : _bBrooks/Cole Cengage Learning, _cc2011. |
||
| 300 |
_ax, _b(various paging) : ill. ; _c28 cm. |
||
| 504 | _aIncludes index. | ||
| 650 | _a1. Trigonometry. | ||
| 942 |
_2ddc _n0 _cBK-CIRC _eEighth edition _kCirc. |
||
| 999 |
_c1332 _d1332 |
||